Sử dụng excel để thành lập hệ thống các biểu đồ phục vụ cho giảng dạy và học tập Địa lý kinh tế - Xã hội Việt nam

Shranjeno v:
Bibliografske podrobnosti
Glavni avtor: Nguyễn Duy Hòa (Chủ nhiệm đề tài)
Format: Knjiga
Izdano: 2005
Oznake: Označite
Brez oznak, prvi označite!
Thư viện lưu trữ: Mạng thư viện Đại học Đà Nẵng
LEADER 00816nam a2200229 4500
001 000021207
003 17654
005 20150415140402.0
008 150415s2005 sd
100 1 |a Nguyễn Duy Hòa  |e Chủ nhiệm đề tài 
245 1 0 |a Sử dụng excel để thành lập hệ thống các biểu đồ phục vụ cho giảng dạy và học tập Địa lý kinh tế - Xã hội Việt nam  |c Nguyễn Duy Hòa 
260 |c 2005 
500 |a Đề tài NCKH cấp Trường Đại học Sư Phạm Đà Nẵng . Mã số : T05-16-77 
OWN |a LSP 
999 |a From the UDN01 
TYP |a Mixed Materials 
TYP |a Monograph 
TYP |a Printed language 
980 |a Mạng thư viện Đại học Đà Nẵng